Statistiche per Stati che confinano con la Costa d'Avorio

Clicka qui per fare il quiz!

Statistiche generali

  • Questo quiz è stato fatto 15 volte
  • Il punteggio medio è 4 su 5

Statistiche sulle risposte

Superficie (km²)Popolazione (ab.)Lunghezza confine (km)Stato% Corretto
245 85713 639 439816Guinea
100%
238 54030 540 351720Ghana
92%
274 20021 510 181545Burkina Faso
83%
1 241 23820 005 000559Mali
83%
111 3705 325 009778Liberia
58%

Distribuzione punteggi

Percentile per numero di risposta

Percentuale di utenti per punteggio

I tuoi punteggi nel tempo

Non hai fatto questo quiz